000 02211nam0a2200349 4500
001 RU\NLR\bibl\1483922
005 20260407151045.0
010 _a978-5-904428-02-0
_93000
021 _aRU
_b2010-2780
_9166
035 _a(NLR Aleph) 001475546
090 _a1670804
_c1670804
100 _a20100312d2010 |||y0rusy50 ca
101 0 _arus
102 _aRU
105 _ay |||||||||
200 1 _aСкорая медицинская помощь
_eтестовые задания
_eучебное пособие для врачей
_eдля системы послевузовского и дополнительного профессионального образования врачей (УМО 17-29/492 от 14.12.2009)
_fГос. образоват. учреждение высш. проф. образования Моск. гос. мед.-стоматолог. ун-т Федер. агентства по здравоохранению и соц. развитию Рос. Федерации
_g[проф. В.Р. Абдрахманов и др.
_gпод ред. С.Н. Терещенко и др.]
210 _aМосква
_c[б.и.]
_d2010
215 _a238, [1] c.
_d21
320 _aБиблиогр.: с. 237-238
606 1 _aСкорая помощь
_jУчебные издания для последипломного образования
_xОрганизация
_92086370
_3RU\NLR\auth\661262503
606 1 _aНеотложная терапия
_jУчебные издания для последипломного образования
_9926294
_3RU\NLR\auth\6621703
686 _aР11(2)232я77
686 _aР35,3я77
702 1 _aТерещенко
_bС. Н.
_gСергей Николаевич
_4340
702 1 _aАбдрахманов
_bВ. Р.
_cд-р мед. наук
_gВасил Рауфович
_9261762
_3RU\NLR\AUTH\770261818
712 0 2 _4570
_aМосковский государственный медико-стоматологический университет им. А. И. Евдокимова
_3RU\NLR\AUTH\8810025978
_9550184
801 0 _aRU
_bNLR
_c20100312
_gRCR
801 1 _aRU
_bNLR
_c20100312
942 _cBOOK
980 _aNB